[Event "XXIII Festival A"]
[Site "Porto San Giorgio ITA"]
[Date "2011.08.26"]
[Round "7"]
[White "Renzetti, Leonardo"]
[Black "Bonghi, Alessandro"]
[Result "0-1"]
[WhiteElo "1805"]
[BlackElo "1939"]
[PlyCount "50"]
[EventDate "2011.08.21"]

1. d4 d5 2. Nf3 Nf6 3. c3 e6 4. Nbd2 c5 5. e3 Nc6 6. Bd3 Bd6 7. O-O O-O 8. Qe2
Qc7 9. dxc5 Bxc5 10. e4 Bd6 11. h3 Bd7 12. exd5 exd5 13. Nb3 Rfe8 14. Qc2 Rac8
15. Bg5 Nb4 16. Qd2 Nxd3 17. Qxd3 Ne4 18. Qxd5 Bc6 19. Qd4 Nxg5 20. Nxg5 Bh2+
21. Kh1 Bf4 22. Nxh7 Kxh7 23. Qxa7 Qd7 24. Kg1 Qd5 25. f3 Be3+ 0-1

[Event "XXIII Festival A"]
[Site "Porto San Giorgio ITA"]
[Date "2011.08.26"]
[Round "7"]
[White "Rinaudo, Sergio"]
[Black "Marigo, Narciso"]
[Result "1-0"]
[WhiteElo "2144"]
[BlackElo "1989"]
[PlyCount "51"]
[EventDate "2011.08.21"]

1. d4 d6 2. Nf3 Bd7 3. e4 Nc6 4. Bc4 h6 5. O-O e5 6. c3 Nf6 7. Nbd2 Be7 8. Re1
O-O 9. Bb5 exd4 10. cxd4 a6 11. Bc4 Na5 12. Bd3 Nc6 13. a3 b5 14. b4 Nb8 15.
Qe2 Bg4 16. e5 dxe5 17. dxe5 Ne8 18. Qe4 g6 19. Qxa8 Qxd3 20. Qxb8 Qc3 21. Rb1
Nd6 22. Qa7 Nf5 23. h3 Bxf3 24. Nxf3 c5 25. Bxh6 Rd8 26. Bg5 1-0

[Event "XXIII Festival A"]
[Site "Porto San Giorgio ITA"]
[Date "2011.08.26"]
[Round "7"]
[White "Sagripanti, Michele"]
[Black "Abbatantuono, Oscar"]
[Result "1/2-1/2"]
[WhiteElo "1990"]
[BlackElo "1827"]
[PlyCount "51"]
[EventDate "2011.08.21"]

1. e4 e5 2. d4 exd4 3. Qxd4 Nc6 4. Qe3 g6 5. Nc3 Bg7 6. Nf3 d6 7. Bc4 Nf6 8. h3
O-O 9. O-O Nd7 10. Bd2 Nb6 11. Bd3 Be6 12. Rfe1 Nb4 13. a3 Nxd3 14. cxd3 Re8
15. Qg5 Qxg5 16. Nxg5 Bd7 17. Rac1 c6 18. Nf3 f5 19. Bf4 d5 20. e5 Rac8 21.
Rcd1 h6 22. h4 Be6 23. Nd4 a6 24. Nb3 Nd7 25. a4 b6 26. Rd2 1/2-1/2

[Event "XXIII Festival A"]
[Site "Porto San Giorgio ITA"]
[Date "2011.08.26"]
[Round "7"]
[White "Salami, Marco"]
[Black "Teutsch, Alexander"]
[Result "1-0"]
[WhiteElo "2166"]
[BlackElo "1896"]
[PlyCount "69"]
[EventDate "2011.08.21"]

1. d4 c5 2. d5 Nf6 3. c4 e6 4. Nc3 exd5 5. cxd5 d6 6. e4 g6 7. f4 Bg7 8. Bb5+
Nfd7 9. Be2 Qh4+ 10. g3 Qe7 11. Nf3 O-O 12. O-O Nf6 13. e5 dxe5 14. d6 Qd8 15.
fxe5 Ng4 16. Nd5 Nc6 17. Bg5 f6 18. exf6 Nxf6 19. Nc7 Rb8 20. Bf4 Nh5 21. Qd5+
Kh8 22. Ne5 Nxf4 23. gxf4 Nxe5 24. fxe5 Qg5+ 25. Kh1 Bd7 26. Bb5 Bxb5 27. Nxb5
Qxe5 28. Rxf8+ Rxf8 29. Qxe5 Bxe5 30. Re1 Bxb2 31. d7 Bf6 32. Rf1 Kg7 33. Nc7
Kf7 34. Nd5 Ke6 35. Rxf6+ 1-0

[Event "XXIII Festival A"]
[Site "Porto San Giorgio ITA"]
[Date "2011.08.26"]
[Round "7"]
[White "Sbraccia, Giovanni"]
[Black "Panjkovic, Aleksandar"]
[Result "1-0"]
[WhiteElo "2017"]
[BlackElo "2173"]
[PlyCount "97"]
[EventDate "2011.08.21"]

1. Nf3 d6 2. e4 Nf6 3. Nc3 g6 4. d4 Bg7 5. Be2 O-O 6. O-O Bg4 7. h3 Bxf3 8.
Bxf3 Nc6 9. Be3 e5 10. d5 Ne7 11. Qd2 Ne8 12. Be2 f5 13. f3 f4 14. Bf2 g5 15.
Nb5 a6 16. Na3 Ng6 17. c4 h5 18. c5 Nf6 19. Rfc1 Rf7 20. Rc2 g4 21. cxd6 cxd6
22. Rac1 Bf8 23. Nc4 gxh3 24. Nb6 Rb8 25. gxh3 Kh7 26. Kh2 Bh6 27. Rc8 Rxc8 28.
Rxc8 Qe7 29. Qd1 Rg7 30. Bf1 Ng8 31. h4 Bg5 32. hxg5 Qxg5 33. Bh3 Nh6 34. Qe2
Nh4 35. Rc1 Ng4+ 36. Kh1 Nxf2+ 37. Qxf2 Qg3 38. Qxg3 Rxg3 39. Bf5+ Kg7 40. Rg1
Nxf3 41. Rxg3+ fxg3 42. Nc4 g2+ 43. Kxg2 Nh4+ 44. Kg3 Nxf5+ 45. exf5 Kf6 46.
Nxd6 b5 47. Kh4 e4 48. Nxe4+ Kxf5 49. d6 1-0

[Event "XXIII Festival A"]
[Site "Porto San Giorgio ITA"]
[Date "2011.08.26"]
[Round "7"]
[White "Stella, Andrea"]
[Black "Molina, Fabrizio"]
[Result "1/2-1/2"]
[WhiteElo "2412"]
[BlackElo "2256"]
[PlyCount "82"]
[EventDate "2011.08.21"]

1. d4 d5 2. c4 c6 3. Nf3 Nf6 4. e3 Bg4 5. Qb3 Qb6 6. Nc3 e6 7. Nh4 Be7 8. h3
Bh5 9. g4 Bg6 10. Nxg6 hxg6 11. Bg2 Na6 12. c5 Qxb3 13. axb3 e5 14. O-O Nd7 15.
Nxd5 cxd5 16. c6 bxc6 17. Rxa6 Nb8 18. Ra4 e4 19. Bd2 Kd7 20. Rfa1 a6 21. Bf1
Ra7 22. Kg2 Rb7 23. b4 Rc8 24. Bc3 Rcc7 25. Be2 Rb6 26. Bxa6 Nxa6 27. Rxa6 Rxa6
28. Rxa6 Rb7 29. Ra4 Kc7 30. f4 Rb8 31. Ra7+ Rb7 32. Ra4 Rb8 33. Ra7+ Rb7 34.
Ra8 Rb8 35. Rxb8 Kxb8 36. g5 Kc7 37. b5 cxb5 38. b4 Kd7 39. Kg3 Ke6 40. Kg4 Bd6
41. h4 Be7 1/2-1/2

[Event "XXIII Festival A"]
[Site "Porto San Giorgio ITA"]
[Date "2011.08.26"]
[Round "7"]
[White "Stella, Luca"]
[Black "Malloni, Marcello"]
[Result "0-1"]
[WhiteElo "2090"]
[BlackElo "2293"]
[PlyCount "54"]
[EventDate "2011.08.21"]

1. e4 e6 2. d3 d5 3. Nd2 Nf6 4. Ngf3 b6 5. c3 Be7 6. Qa4+ c6 7. e5 Nfd7 8. d4
a5 9. h4 O-O 10. Bd3 Ba6 11. Bxa6 Rxa6 12. Nf1 f6 13. Ng3 b5 14. Qc2 c5 15.
exf6 Bxf6 16. Ng5 Bxg5 17. hxg5 g6 18. dxc5 Nxc5 19. Be3 Nbd7 20. Rh6 Qe7 21.
O-O-O Rc8 22. Rdh1 Nf8 23. Kb1 b4 24. c4 Ncd7 25. b3 a4 26. Bd4 Qxg5 27. f4
Qxg3 0-1

[Event "XXIII Festival A"]
[Site "Porto San Giorgio ITA"]
[Date "2011.08.26"]
[Round "7"]
[White "Suppa, Ercole"]
[Black "Di Lascio, Savino"]
[Result "0-1"]
[WhiteElo "2123"]
[BlackElo "1982"]
[PlyCount "102"]
[EventDate "2011.08.21"]

1. e4 c6 2. d4 d5 3. e5 Bf5 4. c3 e6 5. Be3 Qa5 6. Nd2 Nd7 7. Ngf3 h6 8. Be2
Ne7 9. O-O Bh7 10. Qb3 Qb6 11. Rfc1 Nf5 12. c4 Be7 13. cxd5 exd5 14. g3 g5 15.
g4 Ng7 16. h3 Ne6 17. Rf1 Bg6 18. Qc3 h5 19. a3 hxg4 20. hxg4 Nf4 21. Bxf4 gxf4
22. Kg2 Rg8 23. Nh2 f5 24. f3 O-O-O 25. Rh1 Bh4 26. Qb4 Qxb4 27. axb4 a6 28.
Nb3 Bg3 29. Nf1 fxg4 30. fxg4 Be4+ 31. Bf3 Rxg4 32. Nfd2 Bxf3+ 33. Kxf3 Rdg8
34. Rag1 Nf8 35. Nc5 R4g6 36. Nf1 b6 37. Nxa6 Ne6 38. Nxg3 fxg3 39. Ke3 Rg4 40.
Rh6 Re4+ 41. Kd3 Rxd4+ 42. Kc3 Rc4+ 43. Kb3 Nd4+ 44. Ka3 Kb7 45. b3 Rc3 46. Rh4
Nf3 47. Rh7+ Kxa6 48. Ra1 Kb5 49. Rb7 Rc2 50. Ra7 g2 51. e6 g1=Q 0-1

[Event "XXIII Festival A"]
[Site "Porto San Giorgio ITA"]
[Date "2011.08.26"]
[Round "7"]
[White "Suvrajit, Saha"]
[Black "Dvirnyy, Danyyil"]
[Result "1/2-1/2"]
[WhiteElo "2362"]
[BlackElo "2436"]
[PlyCount "55"]
[EventDate "2011.08.21"]

1. d4 Nf6 2. Nf3 g6 3. c3 Bg7 4. Bg5 O-O 5. Nbd2 d5 6. e3 c6 7. h3 Nbd7 8. Be2
Re8 9. Bf4 a5 10. Qc2 a4 11. O-O Nb6 12. Rad1 Bf5 13. Bd3 Bxd3 14. Qxd3 Nfd7
15. e4 dxe4 16. Nxe4 Nd5 17. Bh2 N7f6 18. Rfe1 Nxe4 19. Rxe4 Qa5 20. Ne5 Red8
21. Nc4 Qb5 22. Be5 Nf6 23. Re2 Rd7 24. Ne3 Qxd3 25. Rxd3 Nd5 26. Nxd5 cxd5 27.
Bxg7 Kxg7 28. a3 1/2-1/2

[Event "XXIII Festival A"]
[Site "Porto San Giorgio ITA"]
[Date "2011.08.26"]
[Round "7"]
[White "Tomasini, Giovanni"]
[Black "Carletti, Davide M."]
[Result "1-0"]
[WhiteElo "1982"]
[BlackElo "1726"]
[PlyCount "65"]
[EventDate "2011.08.21"]

1. e4 e5 2. Nf3 Nc6 3. Bc4 Bc5 4. O-O Nf6 5. d3 d6 6. h3 Be6 7. Nc3 Bxc4 8.
dxc4 Qd7 9. Bg5 Ne7 10. Qe2 h6 11. Bxf6 gxf6 12. Nd5 Nxd5 13. cxd5 Rg8 14. Kh2
O-O-O 15. Nh4 Rg5 16. Nf5 h5 17. h4 Rg4 18. f3 Rg6 19. g3 Re8 20. c3 c6 21. b4
Bb6 22. Rad1 cxd5 23. Rxd5 Bc7 24. b5 Re6 25. c4 Rg8 26. c5 b6 27. cxd6 Bb8 28.
Rc1+ Kb7 29. Qc4 Bxd6 30. Rcd1 Rd8 31. Rxd6 Rxd6 32. Rxd6 Qc7 33. Qd5+ 1-0

[Event "XXIII Festival A"]
[Site "Porto San Giorgio ITA"]
[Date "2011.08.26"]
[Round "7"]
[White "Tortolini, Francesco"]
[Black "Balzano, Filli"]
[Result "0-1"]
[WhiteElo "1918"]
[BlackElo "1822"]
[PlyCount "56"]
[EventDate "2011.08.21"]

1. e4 c6 2. d4 d5 3. Nc3 dxe4 4. Nxe4 Bf5 5. Ng3 Bg6 6. Nf3 Nd7 7. h4 h6 8. h5
Bh7 9. Bd3 Bxd3 10. Qxd3 e6 11. Bd2 Qc7 12. Ne4 Ngf6 13. O-O-O O-O-O 14. Nxf6
Nxf6 15. Qe2 Bd6 16. g3 Rhe8 17. Kb1 e5 18. dxe5 Bxe5 19. Nxe5 Qxe5 20. Qc4 Qd5
21. Qa4 Re2 22. c4 Qd3+ 23. Qc2 Rxd2 24. Rxd2 Qxd2 25. Qf5+ Kb8 26. Qe5+ Qd6
27. Qa5 Qd3+ 28. Ka1 Qd1+ 0-1

[Event "XXIII Festival A"]
[Site "Porto San Giorgio ITA"]
[Date "2011.08.26"]
[Round "7"]
[White "Vezzosi, Paolo"]
[Black "Naumkin, Igor"]
[Result "0-1"]
[WhiteElo "2355"]
[BlackElo "2486"]
[PlyCount "66"]
[EventDate "2011.08.21"]

1. e4 e6 2. d4 d5 3. Nc3 Bb4 4. exd5 exd5 5. Bd3 Nc6 6. a3 Ba5 7. Nge2 Nge7 8.
O-O Bf5 9. Na4 Bb6 10. Re1 O-O 11. Nxb6 axb6 12. Ng3 Bg6 13. Bf4 Qd7 14. c3
Bxd3 15. Qxd3 Ng6 16. Bd2 f5 17. f3 f4 18. Nf1 Rf6 19. Re2 Nh4 20. Rae1 Raf8
21. c4 Rg6 22. Bb4 Nxd4 23. Bxf8 Ndxf3+ 24. Kh1 Nxe1 25. Rxe1 Kxf8 26. cxd5 f3
27. g3 Qh3 28. Ne3 Rxg3 29. Qe4 Rg6 30. d6 Rxd6 31. Qxh7 f2 32. Qh8+ Kf7 33.
Qh5+ Ng6 0-1

[Event "XXIII Festival A"]
[Site "Porto San Giorgio ITA"]
[Date "2011.08.26"]
[Round "7"]
[White "Viaggi, Stefano"]
[Black "Gensabella, Paolo"]
[Result "1-0"]
[WhiteElo "2010"]
[BlackElo "1906"]
[PlyCount "93"]
[EventDate "2011.08.21"]

1. d4 d5 2. Bf4 Nf6 3. e3 c6 4. c4 e6 5. Nc3 Bd6 6. Bg3 Bxg3 7. hxg3 Nbd7 8.
Nf3 Qe7 9. Qc2 g6 10. Be2 a6 11. O-O O-O 12. Rac1 Re8 13. a3 Nb6 14. Na4 Nxa4
15. Qxa4 Ne4 16. Bd3 Nf6 17. Qc2 Bd7 18. Ne5 Rec8 19. c5 Kg7 20. b4 Rh8 21. a4
Ne8 22. Qe2 f6 23. Nf3 e5 24. dxe5 fxe5 25. Qb2 Kf6 26. Nh2 Kg7 27. f4 Rf8 28.
fxe5 Rxf1+ 29. Rxf1 Kg8 30. e4 Be6 31. exd5 cxd5 32. Nf3 Rd8 33. Qd4 Ng7 34.
Qh4 Qxh4 35. gxh4 Bf5 36. Rd1 Bxd3 37. Rxd3 Nf5 38. Kf2 h6 39. g4 Ne7 40. Nd4
Rf8+ 41. Ke3 Rf1 42. b5 axb5 43. axb5 Re1+ 44. Kd2 Rxe5 45. c6 b6 46. c7 Nc8
47. Nc6 1-0

[Event "XXIII Festival A"]
[Site "Porto San Giorgio ITA"]
[Date "2011.08.26"]
[Round "7"]
[White "Voltolini, Giuseppe"]
[Black "Rago, Riccardo"]
[Result "0-1"]
[WhiteElo "2229"]
[BlackElo "2065"]
[PlyCount "80"]
[EventDate "2011.08.21"]

1. d4 e6 2. c4 d5 3. Nc3 Nf6 4. Bg5 Be7 5. e3 c6 6. Qc2 Nbd7 7. Nf3 h6 8. Bh4
O-O 9. Rc1 a6 10. Bd3 dxc4 11. Bxc4 b5 12. Be2 Bb7 13. e4 Rc8 14. e5 Ne8 15.
Bxe7 Qxe7 16. Ne4 f5 17. Nc5 Nxc5 18. dxc5 Nc7 19. O-O Rcd8 20. Rfd1 Rd5 21.
Rxd5 Nxd5 22. Ne1 Qc7 23. Nd3 Rd8 24. g3 Bc8 25. h4 g6 26. Bf3 Ne7 27. Qc3 a5
28. a3 Kf7 29. Re1 Ba6 30. Re3 g5 31. hxg5 hxg5 32. b4 a4 33. Ne1 Nd5 34. Bxd5
Rxd5 35. Nf3 Qd8 36. Kg2 Rd1 37. Re1 Rd3 38. Qc1 Qd5 39. Qxg5 Qxf3+ 40. Kg1 Bc8
0-1

[Event "XXIII Festival A"]
[Site "Porto San Giorgio ITA"]
[Date "2011.08.26"]
[Round "7"]
[White "White, Kevin D."]
[Black "Fagnani, Alessandro"]
[Result "1-0"]
[WhiteElo "2104"]
[BlackElo "1955"]
[PlyCount "75"]
[EventDate "2011.08.21"]

1. c4 e6 2. g3 d5 3. Bg2 dxc4 4. Nf3 a6 5. Qc2 b5 6. a4 Bb7 7. b3 cxb3 8. Qxb3
b4 9. Bb2 Nf6 10. O-O Be7 11. d3 O-O 12. Nbd2 a5 13. Rfe1 Nbd7 14. d4 Ne4 15.
Bh3 Ndf6 16. Rad1 Rc8 17. Ne5 Bd5 18. Qe3 Qe8 19. Ndc4 Nd6 20. Nxa5 Qxa4 21.
Ra1 Qc2 22. Rec1 Qe4 23. Qxe4 Ndxe4 24. f3 Nd2 25. e4 Bb3 26. Nec6 Rfe8 27. Kf2
Ndxe4+ 28. fxe4 Nxe4+ 29. Ke3 f5 30. Nxe7+ Rxe7 31. Nxb3 Nd6 32. Bg2 Ree8 33.
Nc5 b3 34. Bc6 Re7 35. Bd7 Rd8 36. Bxe6+ Kh8 37. d5 c6 38. dxc6 1-0

[Event "XXIII Festival A"]
[Site "Porto San Giorgio ITA"]
[Date "2011.08.26"]
[Round "7"]
[White "Zamengo, Bruno"]
[Black "Liguori, Renato"]
[Result "1-0"]
[WhiteElo "1936"]
[BlackElo "2100"]
[PlyCount "57"]
[EventDate "2011.08.21"]

1. e4 e6 2. d4 d5 3. e5 c5 4. c3 Qb6 5. Nf3 Nc6 6. a3 c4 7. Nbd2 Bd7 8. g3 Na5
9. Bh3 f5 10. exf6 gxf6 11. O-O O-O-O 12. Re1 Ne7 13. b4 cxb3 14. Rb1 Re8 15.
Qe2 Ng6 16. c4 dxc4 17. Nxc4 Nxc4 18. Qxc4+ Qc6 19. Qxb3 Kb8 20. Be3 Re7 21.
Rec1 Qd5 22. Qc3 Qd6 23. Ne5 Bg7 24. Rxb7+ Kxb7 25. Rb1+ Qb6 26. Bg2+ Kb8 27.
Rxb6+ axb6 28. Nxg6 hxg6 29. Qb4 1-0

[Event "XXIII Festival A"]
[Site "Porto San Giorgio ITA"]
[Date "2011.08.26"]
[Round "7"]
[White "Zannoni, Gianni"]
[Black "Martorelli, Angelo"]
[Result "1-0"]
[WhiteElo "1846"]
[BlackElo "1812"]
[PlyCount "119"]
[EventDate "2011.08.21"]

1. Nf3 d5 2. g3 Nf6 3. Bg2 g6 4. O-O Bg7 5. d3 c5 6. Nbd2 Nc6 7. e4 dxe4 8.
dxe4 e5 9. c3 O-O 10. Qc2 Qc7 11. Nc4 b5 12. Ne3 Ne7 13. b3 Bb7 14. Nd2 Nd7 15.
Bb2 f5 16. exf5 Bxg2 17. Kxg2 Nxf5 18. Nxf5 Rxf5 19. c4 a6 20. Rad1 Raf8 21.
Ne4 Qc6 22. f3 R8f7 23. Qd3 Re7 24. Qd5+ Qxd5 25. Rxd5 bxc4 26. bxc4 Bf8 27.
Rd6 Nb8 28. Rb6 Re8 29. Rd1 Be7 30. Re6 Kf7 31. Rxe5 Rxe5 32. Bxe5 Nc6 33. Bd6
Rd8 34. Rd5 Nb4 35. Bxe7 Rxd5 36. cxd5 Kxe7 37. Nxc5 Nxa2 38. Nxa6 Kd6 39. f4
Kxd5 40. Kf3 Nc3 41. g4 Ke6 42. Nc5+ Kd5 43. Nd7 h6 44. Ne5 g5 45. Nf7 gxf4 46.
Kxf4 Ne2+ 47. Kf5 Nd4+ 48. Kg6 Ke4 49. Kxh6 Kf4 50. g5 Kg4 51. g6 Kh3 52. Kg5
Ne6+ 53. Kh6 Nd4 54. Kh7 Nf5 55. Nh6 Nd6 56. Kg7 Ne8+ 57. Kf8 Nf6 58. g7 Kh4
59. Kf7 Kg5 60. h4+ 1-0

[Event "XXIII Festival A"]
[Site "Porto San Giorgio ITA"]
[Date "2011.08.27"]
[Round "8"]
[White "Abbatantuono, Oscar"]
[Black "Antonelli, Alessandro"]
[Result "1/2-1/2"]
[WhiteElo "1827"]
[BlackElo "1971"]
[PlyCount "64"]
[EventDate "2011.08.21"]

1. e4 d5 2. exd5 Qxd5 3. Nc3 Qa5 4. d4 c6 5. Nf3 Nf6 6. Ne5 Bf5 7. g4 Bg6 8. h4
Nbd7 9. Nc4 Qc7 10. h5 Be4 11. Nxe4 Nxe4 12. Qf3 Nd6 13. Bf4 O-O-O 14. O-O-O
Nf6 15. Nxd6+ exd6 16. Bc4 Qd7 17. g5 Ne8 18. d5 c5 19. Qa3 a6 20. Bf1 Qc7 21.
Bh3+ Kb8 22. c4 Ka7 23. Rd3 g6 24. h6 f6 25. Re1 f5 26. Qa4 Be7 27. Bd2 Rd7 28.
f4 Bd8 29. Rde3 Re7 30. Rxe7 Bxe7 31. Be3 Rg8 32. Kc2 Qd8 1/2-1/2

[Event "XXIII Festival A"]
[Site "Porto San Giorgio ITA"]
[Date "2011.08.27"]
[Round "8"]
[White "Allegranti, Luca"]
[Black "Gensabella, Paolo"]
[Result "1/2-1/2"]
[WhiteElo "2025"]
[BlackElo "1906"]
[PlyCount "105"]
[EventDate "2011.08.21"]

1. d4 d5 2. Nf3 Nf6 3. e3 c6 4. Bd3 g6 5. Nbd2 Bg7 6. O-O O-O 7. Ne5 Nbd7 8. f4
Nxe5 9. fxe5 Ng4 10. Nf3 f6 11. h3 fxe5 12. hxg4 e4 13. Ne5 exd3 14. Nxd3 Rxf1+
15. Kxf1 Qd6 16. Bd2 Qh2 17. Bb4 Qh1+ 18. Kf2 Qxd1 19. Rxd1 Bxg4 20. Rh1 Bf6
21. Ne5 Bf5 22. c3 Kg7 23. g4 Be4 24. Rh2 Bxe5 25. dxe5 Re8 26. Ke2 b6 27. a4
c5 28. Ba3 Rf8 29. Rf2 Rxf2+ 30. Kxf2 Kf7 31. Kg3 Ke6 32. Kf4 g5+ 33. Kxg5 Kxe5
34. b4 cxb4 35. Bxb4 Ke6 36. a5 bxa5 37. Bxa5 Kd7 38. Kf4 Bd3 39. Ke5 e6 40.
Bb4 Be2 41. g5 Bg4 42. e4 dxe4 43. Kxe4 Kc6 44. c4 Be2 45. Kd4 Bf1 46. Ba5 Kb7
47. Bb4 Kc6 48. Ba5 e5+ 49. Kxe5 Bxc4 50. Kd4 Kb5 51. Bd2 Bf7 52. Kc3 Ka4 53.
Kb2 1/2-1/2

[Event "XXIII Festival A"]
[Site "Porto San Giorgio ITA"]
[Date "2011.08.27"]
[Round "8"]
[White "Balzano, Filli"]
[Black "Di Mantino, Mauro"]
[Result "1/2-1/2"]
[WhiteElo "1822"]
[BlackElo "1954"]
[PlyCount "105"]
[EventDate "2011.08.21"]

1. e4 c5 2. c3 g6 3. d4 cxd4 4. cxd4 Bg7 5. Nf3 d6 6. h3 Nf6 7. Nc3 O-O 8. Bc4
Nc6 9. e5 dxe5 10. dxe5 Qxd1+ 11. Nxd1 Ne4 12. Bf4 Nc5 13. O-O Be6 14. Bxe6
Nxe6 15. Bh2 Rfd8 16. Nc3 Rd3 17. Rfd1 Rad8 18. Rxd3 Rxd3 19. Re1 Bh6 20. Kf1
Ncd4 21. Nxd4 Nxd4 22. Rd1 Rxd1+ 23. Nxd1 Bd2 24. f4 Ne6 25. g3 h5 26. Ke2 Bc1
27. h4 Nd4+ 28. Kf2 Bd2 29. Bg1 Nf5 30. Kf3 a6 31. Bc5 Be1 32. Nf2 Bxf2 33.
Bxf2 Kf8 34. Ke4 Ke8 35. Kd5 Kd7 36. a4 e6+ 37. Kc5 Kc7 38. a5 Ne7 39. Bd4 Nf5
40. Bf2 Ne7 41. Bd4 Nd5 42. Bf2 b6+ 43. axb6+ Nxb6 44. Kb4 Kc6 45. Bxb6 Kxb6
46. b3 a5+ 47. Ka4 Ka6 48. b4 axb4 49. Kxb4 Kb6 50. Kc4 Kc6 51. Kd4 Kb5 52. Kd3
Kc5 53. Kc3 1/2-1/2

[Event "XXIII Festival A"]
[Site "Porto San Giorgio ITA"]
[Date "2011.08.27"]
[Round "8"]
[White "Barberi, Alessandro"]
[Black "Piva, Giorgio"]
[Result "0-1"]
[WhiteElo "2062"]
[BlackElo "2204"]
[PlyCount "105"]
[EventDate "2011.08.21"]

1. d4 d5 2. Nf3 Bf5 3. c4 e6 4. Qb3 Nc6 5. Nc3 Bb4 6. g3 dxc4 7. Qxc4 Qd5 8.
Qxd5 exd5 9. Bf4 Be4 10. O-O-O Nf6 11. Bg2 O-O 12. Nxe4 Nxe4 13. Rhf1 f6 14. h4
Rfe8 15. Kb1 Na5 16. a3 Bd6 17. Bxd6 Nxd6 18. e3 c6 19. Nd2 Re7 20. Rfe1 Rae8
21. b3 Nf5 22. Kb2 b6 23. Rc1 Nxd4 24. b4 Nc4+ 25. Nxc4 dxc4 26. Rxc4 c5 27.
bxc5 bxc5 28. Rxc5 Rb8+ 29. Ka2 Ne6 30. Bd5 Kf8 31. Rc2 Nc7 32. Bg2 Ne8 33.
Rec1 Rb6 34. Rb1 Rxb1 35. Kxb1 Kf7 36. Rb2 Ke6 37. Rb7 Rxb7+ 38. Bxb7 Nd6 39.
Bc6 Nc4 40. a4 Ne5 41. Bb7 Kd6 42. f4 Nc4 43. e4 Kc5 44. Kc2 Kd4 45. Bc6 Nd6
46. Kb3 Nxe4 47. Bxe4 Kxe4 48. Kc4 Kf3 49. Kb5 Kxg3 50. Ka6 Kxf4 51. Kxa7 g5
52. hxg5 fxg5 53. Kb8 0-1

[Event "XXIII Festival A"]
[Site "Porto San Giorgio ITA"]
[Date "2011.08.27"]
[Round "8"]
[White "Bardone, Lorenzo"]
[Black "Dietrich, Stefano"]
[Result "1/2-1/2"]
[WhiteElo "1775"]
[BlackElo "1857"]
[PlyCount "95"]
[EventDate "2011.08.21"]

1. e4 c5 2. Nf3 Nc6 3. Bb5 Qb6 4. Nc3 e6 5. Bxc6 bxc6 6. O-O Ne7 7. d4 cxd4 8.
Nxd4 Ng6 9. b3 Ba6 10. Re1 Bb4 11. Bb2 O-O 12. a3 Be7 13. Na4 Qc7 14. e5 c5 15.
Nf3 c4 16. Rc1 Rad8 17. Qd4 f6 18. Qg4 Bb5 19. h4 f5 20. Qg3 Bxa4 21. h5 Nh8
22. bxa4 c3 23. Ba1 Qc4 24. Rb1 Rb8 25. Nh2 Qxa4 26. Qxc3 Rbc8 27. Qb3 Qxb3 28.
cxb3 Bxa3 29. Bd4 Bb4 30. Red1 Rc7 31. Ra1 Ra8 32. Ra6 Nf7 33. Rda1 Nd8 34. Bb6
Rb7 35. Bxd8 Rxd8 36. Rxa7 Rdb8 37. Rxb7 Rxb7 38. Rd1 Kf7 39. Nf3 Ke7 40. Rd3
d6 41. exd6+ Bxd6 42. Nd4 Rb6 43. Kf1 Kf6 44. Ne2 Kg5 45. Ng3 Bxg3 46. Rxg3+
Kf6 47. f4 Rb4 48. Rf3 1/2-1/2

[Event "XXIII Festival A"]
[Site "Porto San Giorgio ITA"]
[Date "2011.08.27"]
[Round "8"]
[White "Bellincampi, Stefano"]
[Black "Voltolini, Giuseppe"]
[Result "0-1"]
[WhiteElo "2067"]
[BlackElo "2229"]
[PlyCount "92"]
[EventDate "2011.08.21"]

1. e4 c5 2. c3 e6 3. d4 d5 4. exd5 exd5 5. Nf3 Bd6 6. Bb5+ Nc6 7. dxc5 Bxc5 8.
O-O Nge7 9. Nbd2 O-O 10. Nb3 Bd6 11. Bd3 h6 12. h3 Nf5 13. Bc2 Be6 14. Qd3 g6
15. Qd1 h5 16. Bxf5 Bxf5 17. Be3 Be6 18. Qd2 Qc7 19. Nbd4 a6 20. Bh6 Rfe8 21.
Nxc6 bxc6 22. Qd4 Bf8 23. Bxf8 Rxf8 24. b4 c5 25. bxc5 Rac8 26. Rfe1 Qxc5 27.
Re3 Rfd8 28. Qf6 d4 29. cxd4 Qf5 30. Qe7 Rd7 31. Qa3 Qb5 32. Rae1 Qd5 33. Re5
Qxa2 34. Qxa2 Bxa2 35. Ra5 Bd5 36. Ne5 Rd6 37. Nd3 Bc4 38. Nc5 Rxd4 39. Rea1
Rd5 40. Ne4 Rxa5 41. Rxa5 Bb5 42. f3 Rc1+ 43. Kf2 Rc2+ 44. Kg1 Kf8 45. h4 Rc4
46. Nd6 Ra4 0-1

[Event "XXIII Festival A"]
[Site "Porto San Giorgio ITA"]
[Date "2011.08.27"]
[Round "8"]
[White "Benaglia, Giovanni"]
[Black "Lapenna, Michelangelo"]
[Result "0-1"]
[WhiteElo "1978"]
[BlackElo "1888"]
[PlyCount "74"]
[EventDate "2011.08.21"]

1. d4 Nf6 2. Bg5 e6 3. e3 c5 4. Bd3 Nc6 5. Nf3 cxd4 6. exd4 Be7 7. Nbd2 b6 8.
O-O O-O 9. Re1 Na5 10. Bf1 Bb7 11. c4 d5 12. Ne5 dxc4 13. Ndxc4 h6 14. Bh4 Nc6
15. Nxc6 Bxc6 16. Ne5 Bb7 17. Rc1 Rc8 18. Rxc8 Qxc8 19. Bd3 Rd8 20. Bb1 Nd5 21.
Qh5 Rf8 22. Bxe7 Nxe7 23. g4 f5 24. g5 hxg5 25. Qxg5 Nc6 26. Rc1 Qe8 27. Ng6
Nxd4 28. Qh5 Ne2+ 29. Qxe2 Qxg6+ 30. Kf1 Qg2+ 31. Ke1 Qh1+ 32. Kd2 Rd8+ 33. Bd3
Qd5 34. Rc7 Ba6 35. Qh5 Qxd3+ 36. Kc1 Qd2+ 37. Kb1 Bd3+ 0-1

[Event "XXIII Festival A"]
[Site "Porto San Giorgio ITA"]
[Date "2011.08.27"]
[Round "8"]
[White "Bondielli, Giorgio"]
[Black "Di Pietro, Gabriele"]
[Result "1/2-1/2"]
[WhiteElo "1885"]
[BlackElo "1840"]
[PlyCount "45"]
[EventDate "2011.08.21"]

1. e4 Nf6 2. e5 Nd5 3. Bc4 Nb6 4. Bb3 c5 5. d3 Nc6 6. Nf3 e6 7. O-O Be7 8. Nc3
O-O 9. Bf4 d5 10. exd6 Bxd6 11. Bxd6 Qxd6 12. Ne4 Qe7 13. c3 Nd7 14. Qe2 b6 15.
Rad1 Bb7 16. Bc2 Nf6 17. d4 cxd4 18. Nxd4 Nxd4 19. Rxd4 Nxe4 20. Bxe4 Bxe4 21.
Qxe4 Rad8 22. Rfd1 Rxd4 23. Qxd4 1/2-1/2

[Event "XXIII Festival A"]
[Site "Porto San Giorgio ITA"]
[Date "2011.08.27"]
[Round "8"]
[White "Bonghi, Alessandro"]
[Black "Barnabei, Stefano"]
[Result "0-1"]
[WhiteElo "1939"]
[BlackElo "1759"]
[PlyCount "74"]
[EventDate "2011.08.21"]

1. e4 c5 2. Nf3 g6 3. d4 cxd4 4. Nxd4 Bg7 5. Nc3 Nc6 6. Be3 Nf6 7. Be2 a6 8.
O-O O-O 9. Qd2 d6 10. h3 Bd7 11. f4 Rc8 12. Rad1 Qc7 13. Nf3 b5 14. a3 Rfd8 15.
Qe1 Qb8 16. Qf2 Re8 17. Rd2 Be6 18. Rfd1 Na5 19. e5 dxe5 20. fxe5 Rxc3 21. exf6
Rxe3 22. Qxe3 Bxf6 23. b3 Nc6 24. Ng5 Bf5 25. Nf3 Qg3 26. Qf2 Qf4 27. g3 Qc7
28. Kg2 Bc3 29. Rd5 Bxc2 30. Rc5 Bxd1 31. Rxc3 Bxe2 32. Qxe2 Qd6 33. Qe4 Na5
34. a4 Rd8 35. axb5 axb5 36. Re3 e6 37. Qh4 37... Rc8 $138 0-1

[Event "XXIII Festival A"]
[Site "Porto San Giorgio ITA"]
[Date "2011.08.27"]
[Round "8"]
[White "Borgiani, Flavio"]
[Black "Certic, Branimir"]
[Result "0-1"]
[WhiteElo "2156"]
[BlackElo "2402"]
[PlyCount "63"]
[EventDate "2011.08.21"]

1. d4 d6 2. Nf3 g6 3. c4 Bg7 4. g3 c5 5. d5 b5 6. cxb5 Qa5+ 7. Qd2 Qxb5 8. Na3
Qa4 9. Bg2 Ba6 10. O-O Nd7 11. Re1 Rb8 12. Nc2 Ngf6 13. b3 Qb5 14. Bb2 Ne4 15.
Qc1 Bxb2 16. Qxb2 Ndf6 17. Ne3 Qa5 18. Rac1 O-O 19. Red1 Rb4 20. Qc2 Rfb8 21.
Ne1 c4 22. Bxe4 cxb3 23. axb3 Nxe4 24. Nd3 Rxb3 25. Qc7 Qxc7 26. Rxc7 Nc3 27.
Rd2 Nxe2+ 28. Rxe2 Bxd3 29. Re1 R8b7 30. Rc8+ Kg7 31. Kg2 Be4+ 32. Kh3 0-1

[Event "XXIII Festival A"]
[Site "Porto San Giorgio ITA"]
[Date "2011.08.27"]
[Round "8"]
[White "Borino, Paolo"]
[Black "Bighiu, Gheorghe"]
[Result "0-1"]
[WhiteElo "1917"]
[BlackElo "2062"]
[PlyCount "84"]
[EventDate "2011.08.21"]

1. f4 e5 2. e4 exf4 3. Nf3 Ne7 4. Bc4 d5 5. exd5 Ng6 6. O-O Be7 7. Nc3 O-O 8.
d3 Bg4 9. Ne2 Bd6 10. Bd2 Re8 11. Kh1 Nd7 12. Neg1 Nf6 13. Qc1 Nh5 14. Bb5 Bd7
15. Bxd7 Qxd7 16. c4 Qg4 17. c5 Be5 18. Nh3 Nh4 19. Nxh4 Qxh4 20. Be1 Qg4 21.
Qd1 Qxd1 22. Rxd1 Bxb2 23. Nxf4 Nxf4 24. Rxf4 Ba3 25. Bf2 Re2 26. Bd4 Rae8 27.
Rdf1 f6 28. c6 b6 29. Bc3 Rxa2 30. Ra4 a5 31. Re4 Rxe4 32. dxe4 Re2 33. Re1 Rc2
34. Bd4 Bd6 35. g3 Kf7 36. e5 fxe5 37. Bxe5 Bxe5 38. Rxe5 Rd2 39. h4 a4 40.
Rf5+ Ke7 41. Rg5 g6 42. h5 a3 0-1